Abstracts of papers from : World Tribology Congress, 8-12 September 1997 /

Saved in:
Bibliografiske detaljer
Corporate Authors: World Tribology Congress London, England, Institution of Mechanical Engineers. Tribology Group
Format: Conference Proceeding Bog
Sprog:English
Udgivet: Bury St Edmunds : Mechanical Engineering Publications for the Institution of Mechanical Engineers, 1997.
Fag:
LEADER 01145cam a2200253 a 4500
001 c000264290
003 CARM
005 20070711144353.0
008 971112s1997 enka 101 0 eng d
015 |a GB97-67000 
019 1 |a 13525844  |5 LACONCORD2021 
020 |a 1860581099 (pbk) :  |c No price 
035 |a (OCoLC)37827926  |5 LACONCORD2021 
040 |a BNB  |b eng  |c BNB  |d BNB 
082 0 4 |a 621.89  |2 21 
111 2 |a World Tribology Congress  |n (1st :  |d 1997 :  |c London, England) 
245 1 0 |a Abstracts of papers from :  |b World Tribology Congress, 8-12 September 1997 /  |c organized by the Tribology Group of the Institution of Mechanical Engineers. 
260 |a Bury St Edmunds :  |b Mechanical Engineering Publications for the Institution of Mechanical Engineers,  |c 1997. 
300 |a 913 p. :  |b ill. ;  |c 30 cm. 
650 0 |a Tribology  |x Congresses. 
710 2 |a Institution of Mechanical Engineers.  |b Tribology Group. 
852 8 |b CARM  |h A1:AO04C0  |i F02333  |p 0382135  |f BK 
999 f f |i 1043b50c-6b75-5e3d-a3bf-b483b695a3b1  |s 6428436a-0158-5054-9a9a-8b07cb27d64f 
952 f f |p Can circulate  |a CAVAL  |b CAVAL  |c CAVAL  |d CARM 1 Store  |e F02333  |f A1:AO04C0  |h Other scheme  |i book  |m 0382135